AU LIBRARIES
Centralized Library System Across Seven Campuses

Teaching English to Young Learners (Record no. 47645)

MARC details
000 -LEADER
fixed length control field 00445nam a2200157 4500
005 - DATE AND TIME OF LATEST TRANSACTION
control field 20260604114231.0
008 - FIXED-LENGTH DATA ELEMENTS--GENERAL INFORMATION
fixed length control field 260604b |||||||| |||| 00| 0 eng d
020 ## - INTERNATIONAL STANDARD BOOK NUMBER
ISBN 9781472588586
082 ## - DEWEY DECIMAL CLASSIFICATION NUMBER
Classification number 428
Author Mark JAN-T
100 ## - MAIN ENTRY--AUTHOR
Author Name Janice Bland
245 ## - TITLE STATEMENT
Title Teaching English to Young Learners
Sub-Title Critical Issue in Language teaching with 3-12 Years Old
260 ## - PUBLICATION, DISTRIBUTION, ETC.
Place of Publication New York
Name of publisher, distributor, etc. Bloomsbury
Date of publication, distribution, etc. 2015
300 ## - PHYSICAL DESCRIPTION
Pages 301p.
650 ## - SUBJECT ADDED ENTRY--TOPICAL TERM
Subject / Department English
942 ## - ADDED ENTRY ELEMENTS (KOHA)
Koha item type Book
Holdings
Withdrawn status Lost status Damaged status Not for loan Collection code Permanent Location Current Location Shelving Location Date acquired Source of acquisition Price Inventory number Total Checkouts Full Call Number Accession No./Barcode Date last seen Koha item type
        English Air University H-11 Campus Islamabad Air University H-11 Campus Islamabad English Literature 04/27/2026 Ali Book Services 1795.00 AUH11-01   428 JAN-T AUHEP0081 06/04/2026 Book
Air University Sector E-9, Islamabad Pakistan
Email: librarian@au.edu.pk  Tel : +0092 51 9262612 Ext: 631